Brick and sweet (Record no. 27433)

MARC details
000 -LEADER
fixed length control field 03684naa a2200457 4500
005 - DATE AND TIME OF LATEST TRANSACTION
control field 20090613154219.0
008 - FIXED-LENGTH DATA ELEMENTS--GENERAL INFORMATION
fixed length control field 080827t xxu||||| |||| 00| 0 eng d
010 ## - LCCN (DPL NO)
LC control number ENG-93980
020 ## - INTERNATIONAL STANDARD BOOK NUMBER
International Standard Book Number 8126023619
Terms of availability 100.00
035 ## - SYSTEM CONTROL NUMBER
System control number EN-77513
035 ## - SYSTEM CONTROL NUMBER
System control number B-365508-519
037 ## - SOURCE OF ACQUISITION
Source of stock number/acquisition DBAD / PUB
037 ## - SOURCE OF ACQUISITION
Source of stock number/acquisition North India Publishers & Distributors
040 ## - CATALOGING SOURCE
Original cataloging agency dpl
Language of cataloging English
082 ## - DEWEY DECIMAL CLASSIFICATION NUMBER
Classification number N
100 ## - MAIN ENTRY--PERSONAL NAME
Personal name Thilakavathi
245 ## - TITLE STATEMENT
Title Brick and sweet
Statement of responsibility, etc Original novel in Tamil by Thilakavathi; english translation by K.S. Subramanian
246 ## - VARYING FORM OF TITLE
Title proper/short title Kal maram
260 ## - PUBLICATION, DISTRIBUTION, ETC. (IMPRINT)
Place of publication, distribution, etc New Delhi
Name of publisher, distributor, etc Sahitya Akademi
Date of publication, distribution, etc 2007
270 ## - ADDRESS
Address Rabindra Bhavan, 35, Ferozeshah Road,
City New Delhi
Postal code 110 001
300 ## - PHYSICAL DESCRIPTION
Extent 164p.
Dimensions 20cm(Hb)
500 ## - GENERAL NOTE
General note Includes glossary
500 ## - GENERAL NOTE
General note Sahitya Akademi award winning Tamil novel Kal Maram
650 ## - SUBJECT ADDED ENTRY--TOPICAL TERM
Topical term or geographic name as entry element Tamil fiction
Form subdivision Translation into English
700 ## - ADDED ENTRY--PERSONAL NAME
Personal name Subramanian, K.S.
942 ## - ADDED ENTRY ELEMENTS (KOHA)
Institution code [OBSOLETE] dpl
Item type English Books
Source of classification or shelving scheme Dewey Decimal Classification
Call number suffix BRI
Classification part N
Holdings
Withdrawn status Lost status Source of classification or shelving scheme Damaged status Not for loan Collection code Home library Current library Date acquired Source of acquisition Cost, normal purchase price Total Checkouts Full call number Barcode Date last seen Copy number Cost, replacement price Koha item type Total Renewals
    Dewey Decimal Classification     Non-fiction Andrews Gunj Andrews Gunj 16/04/2010 North India Publishers & Distributors/NIP 75/09/8.12.09/126(A)/16.10.09/23.12.09 100.00   N BRI B-365515 16/04/2010 1 100.00 English Books  
  Written-off vide DLB M. No. 383 dt 16.05.19 Dewey Decimal Classification     Non-fiction Central Library Central Library 16/04/2010 North India Publishers & Distributors/NIP 75/09/8.12.09/126(A)/16.10.09/23.12.09 100.00   N BRI B-365508 16/04/2010 1 100.00 English Books  
    Dewey Decimal Classification   Not For Loan Fiction D.B.Act.Division D.B.Act.Division 13/06/2009 DBAD / PUB 100.00   N BRI EN-77513 13/06/2009 1 100.00 English Books  
    Dewey Decimal Classification     Non-fiction Janak Puri Janak Puri 16/04/2010 North India Publishers & Distributors/NIP 75/09/8.12.09/126(A)/16.10.09/23.12.09 100.00 12 N BRI B-365512 08/12/2014 1 100.00 English Books 3
    Dewey Decimal Classification     Non-fiction Karol Bagh Karol Bagh 16/04/2010 North India Publishers & Distributors/NIP 75/09/8.12.09/126(A)/16.10.09/23.12.09 100.00   N BRI B-365518 16/04/2010 1 100.00 English Books  
    Dewey Decimal Classification     Non-fiction Mobile Library Mobile Library 16/04/2010 North India Publishers & Distributors/NIP 75/09/8.12.09/126(A)/16.10.09/23.12.09 100.00   N BRI B-365509 16/04/2010 2 100.00 English Books  
    Dewey Decimal Classification     Non-fiction Mobile Library Mobile Library 16/04/2010 North India Publishers & Distributors/NIP 75/09/8.12.09/126(A)/16.10.09/23.12.09 100.00   N BRI B-365510 16/04/2010 2 100.00 English Books  
    Dewey Decimal Classification     Non-fiction Patel Nagar Patel Nagar 16/04/2010 North India Publishers & Distributors/NIP 75/09/8.12.09/126(A)/16.10.09/23.12.09 100.00   N BRI B-365511 16/04/2010 1 100.00 English Books  
    Dewey Decimal Classification     Non-fiction R.K.Puram-8 R.K.Puram-8 16/04/2010 North India Publishers & Distributors/NIP 75/09/8.12.09/126(A)/16.10.09/23.12.09 100.00   N BRI B-365514 16/04/2010 1 100.00 English Books  
    Dewey Decimal Classification     Non-fiction Sarojini Nagar Sarojini Nagar 16/04/2010 North India Publishers & Distributors/NIP 75/09/8.12.09/126(A)/16.10.09/23.12.09 100.00 1 N BRI B-365513 26/06/2025 1 100.00 English Books 1
    Dewey Decimal Classification     Non-fiction Shahdara Branch Shahdara Branch 16/04/2010 North India Publishers & Distributors/NIP 75/09/8.12.09/126(A)/16.10.09/23.12.09 100.00 1 N BRI B-365519 22/10/2019 1 100.00 English Books  
    Dewey Decimal Classification     Non-fiction Sriniwas Puri Sriniwas Puri 16/04/2010 North India Publishers & Distributors/NIP 75/09/8.12.09/126(A)/16.10.09/23.12.09 100.00   N BRI B-365516 16/04/2010 1 100.00 English Books  
    Dewey Decimal Classification     Non-fiction Vinoba Puri Vinoba Puri 16/04/2010 North India Publishers & Distributors/NIP 75/09/8.12.09/126(A)/16.10.09/23.12.09 100.00 1 N BRI B-365517 15/09/2010 1 100.00 English Books  

© Delhi Public Library
Hit Counter
free hit counter